Вып. 25; История России в XIX веке

Մատենագիտական մանրամասներ
Parent link:История России в XIX веке: в 9 т., 35 вып./ Е. В. Аничков, С. М. Блеклов, М. М. Богословский и др.. Вып. 25.— , 1907-1911
Լեզու:ռուսերեն
Հրապարակվել է: [1907-1911]
Խորագրեր:
Ձևաչափ: Գիրք
KOHA link:https://koha.lib.tpu.ru/cgi-bin/koha/opac-detail.pl?biblionumber=356079

MARC

LEADER 00000nam2a2200000 4500
001 356079
005 20231102010847.0
035 |a (RuTPU)RU\TPU\retro\13339 
035 |a RU\TPU\retro\13338 
090 |a 356079 
100 |a 20200715d1907 km y0rusy50 ca 
101 0 |a rus 
102 |a RU 
105 |a c z 001zy 
200 0 |a Вып. 25 
210 |d [1907-1911] 
215 |a С. 241-329  |c портр. 
320 |a Библиография в ссылках 
461 1 |0 (RuTPU)RU\TPU\retro\14548  |t История России в XIX веке  |o в 9 т., 35 вып.  |f Е. В. Аничков, С. М. Блеклов, М. М. Богословский и др.  |v Вып. 25  |d 1907-1911 
606 1 |a Россия  |x История  |z 19 в.  |2 stltpush  |3 (RuTPU)RU\TPU\subj\65297  |9 81865 
610 1 |a хозяйственные реформы 
610 1 |a экономические реформы 
610 1 |a реакция 
610 1 |a научная жизнь 
610 1 |a естественные науки 
610 1 |a медицина 
686 |a Т3(2)52  |v LBC/SL-A  |2 rubbk 
801 1 |a RU  |b 63413507  |c 20200710 
801 2 |a RU  |b 63413507  |c 20230217  |g RCR 
942 |c BK